000 00296nam a2200097Ia 4500
008 220120s9999||||xx |||||||||||||| ||und||
100 _aKANCHANA LATA
_912165
245 0 _aMicrocontroller based locking system
260 _aCoorg Institute of Technology
_bPonnampet
_c2009
650 _aCOMPUTER SCIENCE
999 _c137751
_d137751